[Event "8 Player Open 6"]
[Site "SchemingMind.com"]
[Date "2014.07.09"]
[Round "-"]
[White "berns"]
[Black "Simon Green"]
[Result "1/2-1/2"]
[WhiteCountry "ENG"]
[BlackCountry "ENG"]
[WhiteElo "1609"]
[WhiteRD "76"]
[BlackElo "1594"]
[BlackRD "54"]
[GameID "361111"]

1. d4 e6 2. c4 d5 3. e3 Nf6 4. Nf3 Bb4+ 5. Bd2 Bxd2+ 6. Nbxd2 c6 7. a4 O-O 8. b4 Nbd7 9. b5 Qa5 10. Bd3 h6
11. O-O Re8 12. Ra2 Nb6 13. Qc2 Nbd7 14. Rb1 Qc7 15. c5 e5 16. bxc6 bxc6 17. dxe5 Nxe5 18. Nxe5 Qxe5 19. Nf3 Qe7 20. Rb4 a5
21. Rb6 Qc7 22. Nd4 Bd7 23. Rab2 Reb8 24. Bf5 Rxb6 25. cxb6 Qb7 26. Bxd7 Nxd7 27. Qxc6 Rb8 28. Qxb7 Rxb7 29. Nc6 Kh7 30. Nxa5 Rxb6
31. Rxb6 Nxb6 32. Kf1=
1/2-1/2

[Event "8 Player Open 6"]
[Site "SchemingMind.com"]
[Date "2014.07.09"]
[Round "-"]
[White "Simon Green"]
[Black "berns"]
[Result "0-1"]
[WhiteCountry "ENG"]
[BlackCountry "ENG"]
[WhiteElo "1558"]
[WhiteRD "55"]
[BlackElo "1606"]
[BlackRD "73"]
[GameID "361112"]

1. d4 d5 2. e3 Nf6 3. Bd3 Nc6 4. f4 Bg4 5. Nf3 e6 6. O-O Bd6 7. c3 Ne4= 8. Nbd2 Nxd2 9. Bxd2 Qf6 10. Qe1 h5
11. Ne5 O-O 12. Nd7 Qh6 13. Nxf8 Kxf8 14. e4 f5 15. e5 Be7 16. h3 Kf7 17. hxg4 hxg4 18. g3 Rh8 19. Kf2 Qh2+ 20. Ke3 Rh3
21. Rg1 Bh4 22. Rh1 Rxg3+
0-1

[Event "8 Player Open 6"]
[Site "SchemingMind.com"]
[Date "2014.07.06"]
[Round "-"]
[White "berns"]
[Black "bobbassbone"]
[Result "1-0"]
[WhiteCountry "ENG"]
[BlackCountry "ENG"]
[WhiteElo "1606"]
[WhiteRD "73"]
[BlackElo "1618"]
[BlackRD "54"]
[GameID "361113"]

1. d4 c6 2. Nc3 d5 3. Nf3 Nf6 4. Bg5 Bg4 5. h3 Bxf3 6. gxf3 e6 7. Qd3 h6 8. Bxf6 Qxf6 9. Rg1 Nd7 10. Bg2 Bb4
11. O-O-O c5 12. dxc5 Bxc3 13. Qxc3 Qxc3 14. bxc3 Nxc5 15. e4 dxe4 16. fxe4 Ke7 17. Rge1 e5 18. Rd5 Ne6 19. Rxe5 Rad8 20. Bf1 Rd6
21. f4 Kf6 22. Rd5 Rhd8 23. Rxd6
1-0

[Event "8 Player Open 6"]
[Site "SchemingMind.com"]
[Date "2014.07.06"]
[Round "-"]
[White "bobbassbone"]
[Black "berns"]
[Result "1-0"]
[WhiteCountry "ENG"]
[BlackCountry "ENG"]
[WhiteElo "1618"]
[WhiteRD "54"]
[BlackElo "1606"]
[BlackRD "73"]
[GameID "361114"]

1. d4 d5 2. Bf4 b6 3. e3 c5 4. c3 Nc6 5. Nf3 Bg4 6. Nbd2 Nf6 7. Bb5 Bd7 8. Bg5 a6 9. Bxc6 Bxc6 10. Ne5 Qd6
11. Bxf6 Qxf6 12. Ndf3 e6 13. Nxc6 Qg6 14. O-O f6 15. dxc5 Bxc5 16. Ncd4 Bxd4 17. Nxd4 e5 18. Ne6 Qf7 19. Nxg7+ Qxg7 20. Qxd5 Rd8
21. Qe6+ Qe7 22. Qxe7+ Kxe7 23. Rfd1 Rc8 24. Rd2 h5 25. Rad1 Rc6 26. Rd7+ Ke6 27. Ra7 a5 28. Rdd7 h4 29. Kf1 h3 30. g3 Kf5
31. Rh7 Rxh7 32. Rxh7 Kg4 33. Ke2 f5 34. f3+ Kg5 35. Rxh3 Re6 36. Rh8 f4 37. Rg8+ Kf5 38. g4+ Kf6 39. h4 Kf7 40. Rd8 Kg6
41. e4 Rc6 42. Kd3 b5 43. Rd5 b4 44. Rxe5 bxc3 45. bxc3 Rb6 46. Rxa5 Rb2 47. c4 Rf2 48. c5 Rxf3+ 49. Ke2 Re3+ 50. Kf2 Rxe4
51. c6 Rc4 52. Ra6 Kf7 53. Ra7+ Ke8 54. c7 Kd7 55. h5 Rc2+ 56. Kf3 Rc4 57. a4
1-0

[Event "8 Player Open 6"]
[Site "SchemingMind.com"]
[Date "2014.07.06"]
[Round "-"]
[White "berns"]
[Black "JDan"]
[Result "0-1"]
[WhiteCountry "ENG"]
[BlackCountry "POL"]
[WhiteElo "1606"]
[WhiteRD "73"]
[BlackElo "1533"]
[BlackRD "51"]
[GameID "361115"]

1. Nf3 b6 2. g3 Bb7 3. Bg2 d5 4. b3 Nd7 5. O-O e5 6. Bb2 Bd6 7. d3 Ngf6 8. c4 d4 9. e3 c5 10. Nbd2 O-O
11. a3 Ng4 12. h3 Nh6 13. b4 Nf6 14. bxc5 bxc5 15. a4 Qd7 16. a5 e4 17. dxe4 Nxe4 18. exd4 cxd4 19. Bxd4 Nxd2 20. Qxd2 Bxf3
21. Bxf3 Qxh3 22. Bxa8 Rxa8 23. f4 Qxg3+ 24. Qg2 Nf5 25. Qxg3 Nxg3 26. Rfd1 Bxf4 27. Ra2 Rd8 28. Kf2 Ne4+ 29. Kf3 Nc3 30. Bxc3 Rxd1
31. Kxf4 Rc1 32. Rb2 g5+ 33. Kxg5 Rxc3 34. Kh6 f5 35. Rb8+ Kf7 36. Rb7+ Kf6 37. Rxa7 Rh3#
0-1

[Event "8 Player Open 6"]
[Site "SchemingMind.com"]
[Date "2014.07.06"]
[Round "-"]
[White "JDan"]
[Black "berns"]
[Result "0-1"]
[WhiteCountry "POL"]
[BlackCountry "ENG"]
[WhiteElo "1408"]
[WhiteRD "58"]
[BlackElo "1646"]
[BlackRD "73"]
[GameID "361116"]

1. e4 e5 2. f4 d5 3. exd5 e4 4. Nc3 Nf6 5. Bb5+ Bd7 6. d3 exd3 7. Qxd3 Bb4 8. Ne2 a6 9. Bc4 O-O 10. O-O b5
11. Bb3 c6 12. a3 Bc5+ 13. Kh1 Ng4 14. Ne4 Nxh2 15. Nxc5 Nxf1 16. Nxd7 Nxd7 17. Ng1 Qh4+ 18. Nh3 Rae8 19. Bd2 Nxd2 20. Qxd2 cxd5
21. Qxd5 Nf6 22. Qf5 g6 23. Qg5 Qxg5 24. Nxg5 h6 25. Nf3 Re3 26. Ne5 g5 27. Nd3 gxf4 28. Nxf4 Rfe8 29. Rf1 Re1 30. Rxe1 Rxe1+
31. Kh2 Kg7 32. Nd3 Re3
0-1

[Event "8 Player Open 6"]
[Site "SchemingMind.com"]
[Date "2014.07.05"]
[Round "-"]
[White "Greg Magne"]
[Black "klapa"]
[Result "1-0"]
[WhiteCountry "CAN"]
[BlackCountry "POL"]
[WhiteElo "1886"]
[WhiteRD "84"]
[BlackElo "1461"]
[BlackRD "64"]
[GameID "361117"]

1. d4 g6 2. c4 Bg7 3. Nf3 d5 4. cxd5 Qxd5 5. Nc3 Qa5 6. Bd2 Qb4 7. e3 Qxb2 8. Rb1 Qa3 9. Nb5 Qxa2 10. Nxc7+ Kf8
11. Nxa8 Nf6 12. Bd3 Bh6 13. O-O Kg7 14. Ra1 Qd5 15. Rxa7 Nc6 16. Ra1 Ng4 17. h3 Nf6 18. Nb6 Qe6 19. d5 Nxd5 20. Bc4 Qd6
21. Nxd5 Qc5 22. Qb3 Na5 23. Rxa5 Qd6 24. Bb4 Qd8 25. Nxe7 Re8 26. Ra8 Rxe7 27. Bxe7 Qxe7 28. Rxc8 Qd7 29. Rb8 f5 30. Rxb7 Qxb7
31. Qxb7+ Kf6 32. Qf7#
1-0

[Event "8 Player Open 6"]
[Site "SchemingMind.com"]
[Date "2014.07.05"]
[Round "-"]
[White "klapa"]
[Black "Greg Magne"]
[Result "0-1"]
[WhiteCountry "POL"]
[BlackCountry "CAN"]
[WhiteElo "1461"]
[WhiteRD "64"]
[BlackElo "1886"]
[BlackRD "84"]
[GameID "361118"]

1. e4 e6 2. d4 Nf6 3. Nc3 d5 4. Qf3 Bb4 5. Bb5+ c6 6. exd5 cxb5 7. dxe6 O-O 8. exf7+ Rxf7 9. Ne2 Ng4 10. Nf4 Nc6
11. O-O Nxd4 12. Qd3 Bf5 13. Qd2 Nxc2 14. Rb1 a6 15. Nfd5 Rd7 16. Qf4 Bxc3 17. Qxf5 Rxd5 18. Qxc2 Bf6 19. Qe4 Ne5 20. Bf4 Rc8
21. Rbe1 Rc4 22. Qe3 Rd3 23. Qe2 Rxf4 24. Rd1 Rfd4 25. f4 Rxd1 26. fxe5 Rxf1+ 27. Kxf1 Rd1+ 28. Kf2 Rd2 29. exf6 Rxe2+ 30. Kxe2 Qxf6
0-1

[Event "8 Player Open 6"]
[Site "SchemingMind.com"]
[Date "2014.07.06"]
[Round "-"]
[White "alexyongpohweng"]
[Black "klapa"]
[Result "0-1"]
[WhiteCountry "MAS"]
[BlackCountry "POL"]
[WhiteElo "1148"]
[WhiteRD "51"]
[BlackElo "1404"]
[BlackRD "61"]
[GameID "361119"]

1. e4 e5 2. Qh5 Nf6 3. Qxe5+ Be7 4. d3 d6 5. Qg5 Nxe4 6. Qxg7 h6 7. Qxh8+ Bf8 8. dxe4 Qe7 9. Qd4 c5 10. Qd2 Nc6
11. Nc3 Nd4 12. Nf3 Qf6 13. Be2 Be6 14. Nxd4 cxd4 15. Nb5 h5 16. Nc7+ Ke7 17. Nxa8 Qg6 18. Rg1 h4 19. Qxd4 h3 20. g3 b6
21. Nc7 Bg7 22. Qd2 Qxe4 23. f3 Qc6 24. Na6 b5 25. Nb4 Qc7 26. Bxb5 Qc5 27. Rf1 Qxb5 28. a3 a5 29. Nd3 Bc4 30. Qe3+ Kf8
31. b3 Bd5 32. Bd2 Bxa1 33. Qh6+ Ke8
0-1

[Event "8 Player Open 6"]
[Site "SchemingMind.com"]
[Date "2014.07.06"]
[Round "-"]
[White "klapa"]
[Black "alexyongpohweng"]
[Result "1-0"]
[WhiteCountry "POL"]
[BlackCountry "MAS"]
[WhiteElo "1404"]
[WhiteRD "61"]
[BlackElo "1148"]
[BlackRD "51"]
[GameID "361120"]

1. c3 e5 2. e4 Nf6 3. Bd3 Be7 4. Nf3 d6 5. O-O O-O 6. b4 c6 7. a4 Bg4 8. b5 Bxf3 9. Qxf3 cxb5 10. axb5 b6
11. Be2 a6 12. d3 a5 13. Qg3 g6 14. Nd2 Kh8 15. d4 Nbd7 16. d5 Nc5 17. c4 Ncxe4 18. Qd3 Nc5 19. Qe3 Ncd7 20. Bb2 Nc5
21. Ra3 a4 22. Qg5 Nfe4 23. Qh6 Bg5 24. Qh3 Nxd2 25. Rd1 Nde4 26. f3 Nf6 27. g3 h5 28. g4 Nh7 29. gxh5 Kg7 30. f4 Bf6
31. f5 gxf5 32. h6+
1-0

[Event "8 Player Open 6"]
[Site "SchemingMind.com"]
[Date "2014.07.10"]
[Round "-"]
[White "emvarela"]
[Black "klapa"]
[Result "1-0"]
[WhiteCountry "ARG"]
[BlackCountry "POL"]
[WhiteElo "1633"]
[WhiteRD "47"]
[BlackElo "1404"]
[BlackRD "61"]
[GameID "361121"]

1. e4 e5 2. Nf3 Nf6 3. Nxe5 Qe7 4. d4 Nxe4 5. Qf3 d5 6. Be3 Bd7 7. Nxd7 Nxd7 8. Bd3 O-O-O 9. O-O g6 10. Nd2 Ndf6
11. Bxe4 dxe4 12. Qh3+ Rd7 13. Bg5 Bg7 14. Rfe1 Kb8 15. Nxe4 Qb4 16. Nxf6 Rxd4 17. Re8+ Rxe8 18. Nxe8 Re4 19. c3 Bxc3 20. bxc3 Qb2
21. Rd1 Qd2 22. Bxd2 a6 23. Qd7 f5 24. Qxc7+ Ka7 25. Be3+ Rxe3 26. fxe3 h5 27. Nd6 g5 28. Qxb7#
1-0

[Event "8 Player Open 6"]
[Site "SchemingMind.com"]
[Date "2014.07.10"]
[Round "-"]
[White "klapa"]
[Black "emvarela"]
[Result "0-1"]
[WhiteCountry "POL"]
[BlackCountry "ARG"]
[WhiteElo "1465"]
[WhiteRD "59"]
[BlackElo "1627"]
[BlackRD "46"]
[GameID "361122"]

1. e3 d5 2. d4 Nf6 3. Nc3 e6 4. Nf3 Bb4 5. Qd3 Bxc3+ 6. Qxc3 O-O 7. Be2 Nc6 8. O-O Bd7 9. a4 Ne4 10. Qb3 Na5
11. Qd3 c5 12. dxc5 Nxc5 13. Qd4 b6 14. Bd2 Nc6 15. Qg4 Ne4 16. c3 e5 17. b4 Bxg4 18. b5 Nxd2 19. Nxd2 Bxe2 20. Rfe1 Bxb5
21. axb5 Na5 22. Nf3 e4 23. Ne5 Qc7 24. Ng4 Qxc3 25. h4 Nb3 26. Rab1 f5 27. h5 fxg4 28. g3 Nd2 29. Rbc1 Nf3+ 30. Kf1 Qd3+
31. Kg2 Nxe1+ 32. Rxe1 Qd2 33. Rh1 Qxf2#
0-1

[Event "8 Player Open 6"]
[Site "SchemingMind.com"]
[Date "2014.07.06"]
[Round "-"]
[White "berns"]
[Black "klapa"]
[Result "1-0"]
[WhiteCountry "ENG"]
[BlackCountry "POL"]
[WhiteElo "1606"]
[WhiteRD "73"]
[BlackElo "1456"]
[BlackRD "63"]
[GameID "361123"]

1. Nf3 d5 2. g3 Nc6 3. b3 e5 4. Bg2 Bd6 5. Bb2 Nf6 6. O-O Bg4 7. c4 dxc4 8. bxc4 Qd7 9. d3 Bh3 10. Bxh3 Qxh3
11. e4 Ng4 12. Nbd2 Nb4 13. Qa4+ c6 14. Ba3 h5 15. Bxb4 Bxb4 16. Qxb4 h4 17. Rfb1 hxg3 18. fxg3 Nxh2 19. Kf2 Ng4+ 20. Ke2 Qg2+
21. Kd1 Ne3+ 22. Kc1 a5 23. Qa4 O-O 24. Rxb7 Rfb8 25. Qb3 a4 26. Rxb8+ Rxb8 27. Qxb8+ Kh7 28. Kb2 Qxg3 29. Rh1+ Kg6 30. Rg1 Ng2
31. Rxg2 Qxg2 32. Nh4+
1-0

[Event "8 Player Open 6"]
[Site "SchemingMind.com"]
[Date "2014.07.06"]
[Round "-"]
[White "klapa"]
[Black "berns"]
[Result "0-1"]
[WhiteCountry "POL"]
[BlackCountry "ENG"]
[WhiteElo "1461"]
[WhiteRD "64"]
[BlackElo "1609"]
[BlackRD "76"]
[GameID "361124"]

1. d4 Nf6 2. c4 g6 3. d5 Bg7 4. Nc3 d6 5. e4 O-O 6. Nf3 Bg4 7. Be2 c5 8. Bg5 Nbd7 9. O-O h6 10. Bxf6 Bxf6
11. b3 Bxc3 12. Rc1 Bb2 13. Rc2 Ba3 14. Nh4 Bxe2 15. Qxe2 e5 16. dxe6 fxe6 17. Nxg6 Rf6 18. Qg4 Kh7 19. Nf4 e5 20. Ne6 Qe7
21. Nc7 Rg8 22. Nd5 Rxg4 23. Nxe7 Rxe4 24. Rc3 Bb4 25. Rg3 Re1 26. Ng8 Rg6 27. Rxg6 Kxg6 28. Ne7+ Kf7 29. Nf5 Rxf1+ 30. Kxf1 Ke6
31. g4 Bd2 32. Ke2 Bg5 33. h4 Bf6 34. h5 a6 35. Nxh6 b5 36. cxb5 axb5 37. Nf5 Bg5 38. h6 Nf6 39. a4 bxa4 40. bxa4 Kd7
41. a5 Kc7 42. Kd3 d5 43. Kc3 Kb7 44. Kb3 Ka6 45. Ka4 d4 46. Nd6 Bxh6 47. Nb5 d3 48. Nc7+ Kb7 49. a6+ Kxc7 50. Kb3 d2
51. Kc2 Nxg4 52. f3 Nf2 53. f4 Bxf4 54. a7 Kb7 55. a8=Q+ Kxa8
0-1

[Event "8 Player Open 6"]
[Site "SchemingMind.com"]
[Date "2014.07.09"]
[Round "-"]
[White "klapa"]
[Black "Simon Green"]
[Result "0-1"]
[WhiteCountry "POL"]
[BlackCountry "ENG"]
[WhiteElo "1456"]
[WhiteRD "63"]
[BlackElo "1558"]
[BlackRD "55"]
[GameID "361125"]

1. b3 e6 2. Bb2 d5 3. Nf3 Nf6 4. e3 Be7 5. Bd3 c5 6. O-O Nc6 7. c4 O-O 8. Ne5 Nb4 9. Ng4 Nxd3 10. Qc2 Nxb2
11. Qxb2 d4 12. exd4 Nxg4 13. d5 Bf6 14. Nc3 Qd6 15. g3 Ne5 16. f4 Nd3 17. Qc2 Bxc3 18. Qxc3 Nb4 19. Rae1 Nxa2 20. Qf3 Rb8
21. h4 Bd7 22. h5 f6 23. Qg4 exd5 24. f5 dxc4 25. h6 Qd4+ 26. Re3 Qxg4 27. Re7 Qxg3+ 28. Kh1 Bc6+ 29. Rf3 Bxf3#
0-1

[Event "8 Player Open 6"]
[Site "SchemingMind.com"]
[Date "2014.07.09"]
[Round "-"]
[White "Simon Green"]
[Black "klapa"]
[Result "0-1"]
[WhiteCountry "ENG"]
[BlackCountry "POL"]
[WhiteElo "1558"]
[WhiteRD "55"]
[BlackElo "1456"]
[BlackRD "63"]
[GameID "361126"]

1. d4 d5 2. e3 f5 3. f4 Nf6 4. Bd3 Nc6 5. c3 Be6 6. Nf3 h6 7. O-O g5 8. fxg5 hxg5 9. Nxg5 Qd6 10. h3 Ng4
11. Nxe6 Qh2#
0-1

[Event "8 Player Open 6"]
[Site "SchemingMind.com"]
[Date "2014.07.06"]
[Round "-"]
[White "klapa"]
[Black "bobbassbone"]
[Result "1-0"]
[WhiteCountry "POL"]
[BlackCountry "ENG"]
[WhiteElo "1456"]
[WhiteRD "63"]
[BlackElo "1618"]
[BlackRD "54"]
[GameID "361127"]

1. g3 c6 2. Bg2 d5 3. d4 Nf6 4. Nc3 Bf5 5. Be3 e6 6. h4 Bb4 7. Qd2 Be4 8. Bxe4 Nxe4 9. Qd3 Nxc3 10. bxc3 Bd6
11. Nf3 Nd7 12. Bg5 Be7 13. Ne5 Bxg5 14. hxg5 Nxe5 15. dxe5 Qxg5 16. f4 Qe7 17. e4 dxe4 18. Qxe4 g6 19. g4 O-O-O 20. a4 Rd5
21. c4 Qb4+ 22. Kf1 Rc5 23. f5 Qxc4+ 24. Qxc4 Rxc4 25. f6
1-0

[Event "8 Player Open 6"]
[Site "SchemingMind.com"]
[Date "2014.07.06"]
[Round "-"]
[White "bobbassbone"]
[Black "klapa"]
[Result "1-0"]
[WhiteCountry "ENG"]
[BlackCountry "POL"]
[WhiteElo "1618"]
[WhiteRD "54"]
[BlackElo "1456"]
[BlackRD "63"]
[GameID "361128"]

1. d4 f6 2. Bf4 Nc6 3. e3 e5 4. dxe5 fxe5 5. Bg3 d5 6. c3 Be6 7. Nd2 Qd6 8. Ngf3 e4 9. Bxd6 Bxd6 10. Ng5 Bf5
11. Bb5 O-O-O 12. Nf7 Nf6 13. Bxc6 g6 14. Nxh8 Rxh8 15. Bb5 a6 16. Qa4 Rd8 17. c4 axb5 18. cxb5 Bc5 19. Qa8+ Kd7 20. Qa4 c6
21. bxc6+ bxc6 22. Rc1 Ne8 23. Rxc5 Rc8 24. Rxd5+ Nd6 25. Nc4 Ke6 26. Rxd6+
1-0

[Event "8 Player Open 6"]
[Site "SchemingMind.com"]
[Date "2014.07.06"]
[Round "-"]
[White "klapa"]
[Black "JDan"]
[Result "0-1"]
[WhiteCountry "POL"]
[BlackCountry "POL"]
[WhiteElo "1456"]
[WhiteRD "63"]
[BlackElo "1533"]
[BlackRD "51"]
[GameID "361129"]

1. e4 e6 2. d4 c5 3. Nf3 d5 4. Bd3 Qb6 5. O-O Nc6 6. c3 Nf6 7. Be3 dxe4 8. dxc5 Bxc5 9. b4 Bxe3 10. fxe3 Qxe3+
11. Rf2 exd3 12. Na3 Ne4 13. Qa4 Qxf2+ 14. Kh1 Bd7 15. b5 Nd8 16. Qxe4 d2 17. h3 Rc8 18. Rd1 Rxc3 19. Nb1 Re3 20. Qg4 Re1+
21. Nxe1 dxe1=Q+ 22. Rxe1 Qxe1+ 23. Kh2 Qxb1 24. Qxg7 Rf8 25. a4 Qb4 26. Qxh7 Qxa4 27. h4 Qxb5 28. h5 Qe5+ 29. g3 Rh8
0-1

[Event "8 Player Open 6"]
[Site "SchemingMind.com"]
[Date "2014.07.06"]
[Round "-"]
[White "JDan"]
[Black "klapa"]
[Result "0-1"]
[WhiteCountry "POL"]
[BlackCountry "POL"]
[WhiteElo "1533"]
[WhiteRD "51"]
[BlackElo "1456"]
[BlackRD "63"]
[GameID "361130"]

1. e4 e6 2. c4 c5 3. Nc3 Bd6 4. Nf3 Ne7 5. e5 Bc7 6. a3 Nbc6 7. g3 Nxe5 8. Nxe5 Bxe5 9. Bg2 d5 10. Qb3 O-O
11. cxd5 exd5 12. Nxd5 Be6 13. Nxe7+ Qxe7 14. Qxb7 Qxb7 15. Bxb7 Rab8 16. Bg2 a5 17. O-O Bxb2 18. Bxb2 Rxb2 19. Rfc1 Rxd2 20. Rxc5 Rfd8
21. Rxa5 Rd1+ 22. Rxd1 Rxd1+ 23. Bf1 h6 24. Rc5 Bh3 25. Rc8+ Kh7
0-1